000 00456nam a22001817a 4500
003 NUST - PNEC
005 20170116180934.0
008 150906b xxu||||| |||| 00| 0 eng d
020 _a-
040 _cLIBRARY
082 _a621.317 MOH
100 _98381
_aMohan, Ned
245 _aPower electronics : converters, applications, and design
_cNed Mohan
250 _a2nd ed.
260 _cc.1996
650 _98379
_aELECTRONICS
_xEL
942 _2ddc
_cBK
999 _c65983
_d65983